Southville International School and Colleges
Your cart is empty.
  • Cart
  • Lists
    Public lists Eva Luna New books Lux_list list_1
    Your lists Log in to create your own lists
  • Log in to your account
  • Your cookies
  • Search history
Southville International School and Colleges
  • Advanced search
  • Recent comments
  • Most popular
  • Libraries

Log in to your account

Log in with GOOGLE


If you do not have an external account, but do have a local account, you can still log in:

  1. Home
  2. MARC view: Drawing For Dummies /
Normal view MARC view ISBD view

Drawing For Dummies / (Record no. 366528)

[ view plain ]
MARC details
000 -LEADER
fixed length control field 00563nam a22002057a 4500
003 - CONTROL NUMBER IDENTIFIER
control field 0
005 - DATE AND TIME OF LATEST TRANSACTION
control field 20241014122518.0
008 - FIXED-LENGTH DATA ELEMENTS--GENERAL INFORMATION
fixed length control field 241014b xxu||||| |||| 00| 0 eng d
020 ## - INTERNATIONAL STANDARD BOOK NUMBER
International Standard Book Number 9781394199198
050 ## - LIBRARY OF CONGRESS CALL NUMBER
Classification number NC 730
Item number .P53 2023
100 ## - MAIN ENTRY--PERSONAL NAME
Personal name Platt, Jamie,
Relator term author.
245 ## - TITLE STATEMENT
Title Drawing For Dummies /
Statement of responsibility, etc Jamie Platt.
250 ## - EDITION STATEMENT
Edition statement 3rd ed.
260 ## - PUBLICATION, DISTRIBUTION, ETC. (IMPRINT)
Place of publication, distribution, etc Indianapolis :
Name of publisher, distributor, etc John Wiley and Sons,
Date of publication, distribution, etc 2023.
300 ## - PHYSICAL DESCRIPTION
Extent x, 340 p. :
Other physical details ill. ;
Dimensions 24 cm.
440 ## - SERIES STATEMENT/ADDED ENTRY--TITLE
Title Learning Mafe Easy.
504 ## - BIBLIOGRAPHY, ETC. NOTE
Bibliography, etc Includes index.
650 ## - SUBJECT ADDED ENTRY--TOPICAL TERM
Topical term or geographic name as entry element Drawing technique.
942 ## - ADDED ENTRY ELEMENTS (KOHA)
Source of classification or shelving scheme Library of Congress Classification
Koha item type Books
Holdings
Withdrawn status Lost status Source of classification or shelving scheme Damaged status Home library Current library Shelving location Date acquired Source of acquisition Sub Shelving location Total Checkouts Full call number Barcode Date last seen Date checked out Price effective from Koha item type
    Library of Congress Classification   College Library College Library Reserve Section 10/14/2024 Library Fund   1 NC 730 .P53 2023 C23768 03/05/2026 02/26/2026 10/14/2024 Books

Drawing For Dummies /

APA

Platt J., . (2023). Drawing For Dummies. Indianapolis: John Wiley and Sons.

Chicago

Platt Jamie, . 2023. Drawing For Dummies. Indianapolis: John Wiley and Sons.

Harvard

Platt J., . (2023). Drawing For Dummies. Indianapolis: John Wiley and Sons.

MLA

Platt Jamie, . Drawing For Dummies. Indianapolis: John Wiley and Sons. 2023.

  • Place hold
  • Print
  • Cite
  • Add to your cart (remove)
  • Save record
    BIBTEX Dublin Core MARCXML MARC (non-Unicode/MARC-8) MARC (Unicode/UTF-8) MARC (Unicode/UTF-8, Standard) MODS (XML) RIS
  • More searches
    Search for this title in:
    Other Libraries (WorldCat) Other Databases (Google Scholar) Online Stores (Bookfinder.com) Open Library (openlibrary.org)

Exporting to Dublin Core...

SOUTHVILLE LIBRARY

Southville International School and Colleges Library

1281 Tropical Ave. Cor. Luxembourg St., BF Homes International, Las Pinas City

Tel. No. 8256374 / 252358 Loc. 117/146

Powered by Koha